Procesos de soldadura

Zapisane w:
Opis bibliograficzny
Kolejni autorzy: Canal Universitat Polit©·cnica de Val©·ncia - UPV / YouTube
Format: Książka
Język:hiszpański
Hasła przedmiotowe:
Dostęp online:Procesos de soldadura
Etykiety: Dodaj etykietę
Nie ma etykietki, Dołącz pierwszą etykiete!

MARC

LEADER 00000nam a22000004a 4500
001 vpro10075
005 20201223000000.0
008 160621s2016 ck # g## #001 0#spa#d
020
022
040 |a CO-BoINGC 
041 0 |a spa 
245 1 0 |a Procesos de soldadura 
246 |a Welding Processes 
264 |a Bogot ̀(Colombia) :  |b Revista VirtualPRO,  |c 2016 
520 3
650 \ \ |a Soldadura 
650 \ \ |a Welding 
650 \ \ |a soldadura; soldadura de arco elčtrico 
650 \ \ |a welding; electric arc welding  
700 \ \ |a Canal Universitat Polit©·cnica de Val©·ncia - UPV / YouTube 
856 |z Procesos de soldadura  |u https://virtualpro.unach.elogim.com/biblioteca/procesos-de-soldadura